| 000 | 00630nam a2200181Ia 4500 | ||
|---|---|---|---|
| 008 | 151202s9999||||xx |||||||||||||| ||und|| | ||
| 082 | _bPNVM-62145 | ||
| 100 | _aपोरे सुरेश. | ||
| 245 | _aव्हिकी प्रेम अन् शॉक. | ||
| 260 | _bश्रीपाद प्रकाशन पुणे. | ||
| 260 | _c62145 | ||
| 300 | _a116 | ||
| 600 | _aपोरे सुरेश. | ||
| 630 | _aव्हिकी प्रेम अन् शॉक. | ||
| 700 | _aपोरे सुरेश. | ||
| 730 | _aव्हिकी प्रेम अन् शॉक. | ||
| 942 | _cBOOK | ||
| 999 |
_c1328679 _d1328676 |
||